Statistics for MRT Stations of Singapore

Click here to take the quiz!

General Stats

  • This quiz has been taken 429 times
    (287 since last reset)
  • The average score is 120 of 216

Answer Stats

Station Number Station Name % Correct
NS26  EW14Raffles Place
91%
EW14  NS26Raffles Place
91%
NE6  NS24  CC1Dhoby Ghaut
90%
NE4  DT19Chinatown
90%
EW24  NS1 JE5Jurong East
90%
CC1  NS24  NE6Dhoby Ghaut
90%
NS24  NE6  CC1Dhoby Ghaut
90%
NE7  DT12Little India
90%
NS1  EW24 JE5Jurong East
90%
JE5 NS1 EW24Jurong East
90%
DT12  NE7Little India
90%
DT19  NE4Chinatown
90%
TE20  NS27  CE2Marina Bay
88%
NS25  EW13City Hall
88%
NS27  CE2  TE20Marina Bay
88%
EW13  NS25City Hall
88%
CE2  NS27  TE20Marina Bay
88%
NS22  TE14Orchard
87%
TE14  NS22Orchard
87%
NE1  CC29HarbourFront
87%
CC29  NE1HarbourFront
87%
CG2Changi Airport
86%
DT35  CG1Expo
85%
CG1  DT35Expo
85%
EW2  DT32Tampines
84%
DT32  EW2Tampines
84%
NS9  TE2Woodlands
83%
NS16Ang Mo Kio
83%
TE2  NS9Woodlands
83%
CR11 NS16Ang Mo Kio
83%
EW1Pasir Ris
83%
CR5 EW1Pasir Ris
83%
EW12  DT14Bugis
79%
DT14  EW12Bugis
79%
NS13Yishun
79%
NS2Bukit Batok
79%
DT11  NS21Newton
78%
DT9  CC19Botanic Gardens
78%
CC19  DT9Botanic Gardens
78%
NS21  DT11Newton
78%
CC15  NS17Bishan
77%
CC13  NE12Serangoon
77%
NE12  CC13Serangoon
77%
NS17  CC15Bishan
77%
EW5Bedok
77%
NS10Admiralty
76%
DT16  CE1Bayfront
75%
EW25Chinese Garden
75%
DT15  CC4Promenade
75%
CC3Esplanade
75%
NS20Novena
75%
CE1  DT16Bayfront
75%
CC4  DT15Promenade
75%
JS1 NS4 BP1Choa Chu Kang
74%
NS4  JS1 BP1Choa Chu Kang
74%
JS8 EW27Boon Lay
73%
DT1  BP6Bukit Panjang
73%
NS23Somerset
73%
NE17  PTCPunggol
73%
EW10Kallang
73%
EW27  JE8Boon Lay
73%
NS19Toa Payoh
72%
EW11Lavender
72%
EW21  CC22Buona Vista
71%
TE21Marina South
71%
CC22  EW21Buona Vista
71%
NS15Yio Chu Kang
71%
CC9  EW8Paya Lebar
70%
TE17  EW16  NE3Outram Park
70%
EW16  NE3  TE17Outram Park
70%
EW23Clementi
70%
EW8  CC9Paya Lebar
70%
NE3  EW16  TE17Outram Park
70%
NE5Clarke Quay
70%
NS11Sembawang
70%
NS5Yew Tee
68%
NS3Bukit Gombak
67%
NE16  STCSengkang
67%
CR8 NE14Hougang
66%
CC10  DT26MacPherson
66%
EW33Tuas Link
66%
NE8Farrer Park
66%
DT26  CC10MacPherson
66%
NE14Hougang
66%
NS7Kranji
66%
EW20Commonwealth
65%
NS12Canberra
65%
DT17Downtown
65%
EW9Aljunied
65%
DT5Beauty World
65%
DT33Tampines East
64%
NS8Marsiling
64%
DT31Tampines West
64%
EW18Redhill
64%
NS14Khatib
64%
EW15Tanjong Pagar
63%
CC16Marymount
63%
DT3Hillview
63%
EW22Dover
62%
TE9  CC17Caldecott
62%
EW29Joo Koon
62%
EW17Tiong Bahru
62%
CC17  TE9Caldecott
62%
NS18Braddell
61%
CC23one-north
61%
DT8Tan Kah Kee
60%
DT6King Albert Park
60%
NS28Marina South Pier
60%
CC8Dakota
60%
NE9Boon Keng
60%
DT10  TE11Stevens
59%
DT2Cashew
59%
TE11  DT10Stevens
59%
CC11Tai Seng
59%
CC21Holland Village
59%
CC5Nicoll Highway
59%
EW7Eunos
58%
DT29Bedok North
57%
DT13Rochor
57%
NE11Woodleigh
57%
CC6Stadium
57%
EW26Lakeside
56%
DT21Bencoolen
55%
JS6Jurong West
55%
CC25Haw Par Villa
55%
EW3Simei
55%
CC2Bras Basah
55%
DT27Ubi
54%
EW19Queenstown
54%
NE15Buangkok
54%
CC20Farrer Road
54%
EW4   CGTanah Merah
54%
DT34Upper Changi
52%
CC7Mountbatten
52%
DT30Bedok Reservoir
52%
DT7Sixth Avenue
51%
TE1  RTSWoodlands North
50%
TE3Woodlands South
48%
CC24Kent Ridge
48%
DT36Xilin
46%
EW31Tuas Crescent
45%
EW32Tuas West Road
45%
CC32Prince Edward
45%
NE10Potong Pasir
45%
DT23Bendemeer
45%
TE26Marine Parade
45%
TE22Gardens by the Bay
45%
DT24Geylang Bahru
43%
CC14Lorong Chuan
43%
CC31Cantonment
43%
CC30Keppel
43%
EW28Pioneer
43%
CC27Labrador Park
42%
CR6Tampines North
42%
TE30Bedok South
41%
EW6Kembangan
41%
CR9Serangoon North
41%
CR7Defu
41%
DT28Kaki Bukit
40%
TE23Tanjong Rhu
40%
TE15Great World
40%
NE18Punggol Coast
38%
JS5Corporation
38%
CR13 TE7Bright Hill
37%
TE27Marine Terrace
37%
TE13Orchard Boulevard
37%
DT22Jalan Besar
37%
TE7Bright Hill
37%
CC18Bukit Brown
36%
CC26Pasir Panjang
36%
CR4Pasir Ris East
35%
DT25Mattar
35%
JW4Nanyang Crescent
35%
CR12Teck Ghee
35%
TE18Maxwell
35%
TE6Mayflower
34%
DT20Fort Canning
34%
DT18Telok Ayer
34%
JS4Hong Kah
33%
JS2Choa Chu Kang West
32%
TE10Mount Pleasant
32%
NE13Kovan
32%
JS12Jurong Pier
32%
TE8Upper Thomson
29%
TE28Siglap
28%
EW30Gul Circle
28%
TE29Bayshore
27%
CR10Tavistock
26%
CC28Telok Blangah
26%
JS11Jurong Hill
26%
CC12Bartley
26%
TE25Tanjong Katong
26%
JW2Tawas
22%
JE4Toh Guan
18%
DT37  TE31Sungei Bedok
15%
TE31  DT37Sungei Bedok
15%
CR3Loyang
13%
TE19Shenton Way
13%
TE4Springleaf
12%
TE5Lentor
12%
TE16Havelock
11%
CR2Aviation Park
11%
JS3Tengah
10%
TE12Napier
10%
TE24Katong Park
10%
JS9Enterprise
9%
JW3Nanyang Gateway
9%
JE7Pandan Reservoir
9%
JE3Bukit Batok West
8%
JE6Jurong Town Hall
8%
JE1Tengah Plantation
7%
JS7Bahar Junction
7%
JW1Gek Poh
7%
JW5Peng Kang Hill
7%
JS10Tukang
6%
JE2Tengah Park
6%

Score Distribution

Percentile by Number Answered

Percent of People with Each Score

Your Score History

You have not taken this quiz since the last reset